000 02082cam a22005054i 4500
003 PE-LiUPU
005 20250731173540.0
008 150616s1990 cou rb 000 0 eng d
020 _a0891093680
020 _a9780891093688
035 _a(Sirsi) i9780891093688
040 _aPE-LiUPU
_bspa
_cPE-LiUPU
_erda
049 _aPRUA
082 0 4 _a262.15
_bS59
_221
100 1 _aSlocum, Robert E.,
_eautor.
245 1 0 _aMaximize your ministry /
_cRobert E. Slocum.
264 1 _aColorado Springs, Colorado :
_bNavPress,
_c1990.
300 _a295 páginas ;
_c22 centímetros
336 _atext
_2rdacontent
337 _aunmediated
_2rdamedia
338 _avolume
_2rdacarrier
504 _aBibliografia al final de cada capítulo.
505 0 _aPart one : God's people and the twenty -- first century : the mountain -- Climbing -- Welcome to the lodge -- Call to the high country -- Part two : a new heart for a new age -- The road to a mature heart -- The will -- The emotions -- Good and evil -- The intellect -- Relating to God -- Part three : moving out in the high -- tech age -- An exterior strategy -- The arena of the church -- scattered -- The arena of work -- The arena of marriage and family -- The arena of government -- The arena of the church -- gathered -- Clusters -- hope for the third wave --Epilogue -the focus.
526 _aSEG42
526 _aSEG41
526 _aSEG40
526 _aSEG39
526 _aP94
526 _aP87
526 _aP86
526 _aP85
526 _aP77
526 _aP76
526 _aP35
650 0 4 _aLaicos de la iglesia
_vCuestionario.
650 0 4 _aLaicos en la iglesia
_xRol.
650 0 4 _aMinisterio laico.
910 _ajck
_bjvq
_cjck
910 _adbm
_bjpc
_cjpc
_d20190520
942 _2ddc
_cBOOK
994 _aC0
_bPEPRU
596 _a1
999 _a262.15 S59
_wDEWEY
_c60398
_i42566
_f2021-11-10
_g6
_lCCODEBUL1
_mBUL
_p18.00
_r0
_sY
_tBOOK
_u2015-6-16
_xTEOLOGIA
_PP35
_0COMPRA
_o.STAFF. Colección Teología
_d60398
980 _81
_gALBERTO SANCHEZ Responsable de Automatización